000
00216 a2200097 4500
001
58140
100
_a
245
_a
Understanding aircraft structure
260
_a
_b
Blackwell
_c
2002
090
_c
35649
_d
35649
942
_a
NUST-CAE
_c
MONOGRAPH
_c
28501
999
_c
293213
_d
293213